| 000 | 00570nam a2200217 a 4500 | ||
|---|---|---|---|
| 001 | 73843 | ||
| 003 | BD-RJUL | ||
| 005 | 20211209082443.0 | ||
| 008 | 170613s1962 enka 001 0 eng d | ||
| 035 | _a(BD-RJUL)74061 | ||
| 040 |
_aEQO _cEQO _beng _dBD-RJUL |
||
| 041 | _aeng | ||
| 082 |
_223 _a550 _bCHO 1962 |
||
| 100 | 1 |
_aChand, Bool _9218657 |
|
| 245 | 1 | 0 |
_aOur Earth and the Universe / _cBool Chand |
| 260 |
_aLondon : _cAsia Pub., _b1962. |
||
| 300 |
_a94 p. : _bill. ; _c22 cm. |
||
| 500 | _aIncludes Index. | ||
| 650 |
_aEarth science _9218658 |
||
| 942 |
_2ddc _cBK |
||
| 999 |
_c73843 _d73843 |
||